000 00726nam a2200229Ia 4500
003 GCL
008 140319s9999 xx 000 0 ara d
040 _aGCL /
_cGCL
082 0 4 _a810.9964
_bع ن
100 1 _aعبده عبدالعزيز قلقيلة
245 1 0 _aالنقد الادب فى المغرب /
_cعبده عبدالعزيز قلقيلة
260 _a[S.N] :
_bالهيئة المصرية العامة للكتاب ،
_c1988
300 _a426 ص
490 _a
650 0 4 _aالشعر العربى
650 0 4 _aالادب العربى
650 0 4 _aالنقد
650 0 4 _aالبلاغة العربية
650 0 4 _aالمغرب العربى
650 0 4 _aالمجموعات
942 _2ddc
_cBK
999 _c29452
_d29452